Landscape and literature (Record no. 57317)
[ view plain ]
| 000 -LEADER | |
|---|---|
| fixed length control field | 00620nam a2200217Ia 4500 |
| 005 - DATE AND TIME OF LATEST TRANSACTION | |
| control field | 20260629163254.0 |
| 008 - FIXED-LENGTH DATA ELEMENTS--GENERAL INFORMATION | |
| fixed length control field | 260629s9999||||xx |||||||||||||| ||und|| |
| 020 ## - INTERNATIONAL STANDARD BOOK NUMBER | |
| International Standard Book Number | 9780521729826 |
| Qualifying information | pbk |
| 082 ## - DEWEY DECIMAL CLASSIFICATION NUMBER | |
| Classification number | 809.9332 |
| Item number | SID |
| 100 ## - MAIN ENTRY--PERSONAL NAME | |
| Personal name | Siddall, Stephen |
| 245 #0 - TITLE STATEMENT | |
| Title | Landscape and literature |
| 260 ## - PUBLICATION, DISTRIBUTION, ETC. | |
| Place of publication, distribution, etc. | Cambridge |
| Name of publisher, distributor, etc. | Cambridge University Press |
| Date of publication, distribution, etc. | 2009 |
| 300 ## - PHYSICAL DESCRIPTION | |
| Extent | 128p. ; 23cm. |
| 490 ## - SERIES STATEMENT | |
| Series statement | Context in Literature |
| 653 ## - INDEX TERM--UNCONTROLLED | |
| Uncontrolled term | Human geography |
| 653 ## - INDEX TERM--UNCONTROLLED | |
| Uncontrolled term | Landscape in literature |
| 653 ## - INDEX TERM--UNCONTROLLED | |
| Uncontrolled term | Literature—History and criticism |
| 653 ## - INDEX TERM--UNCONTROLLED | |
| Uncontrolled term | Nature in literature |
| 653 ## - INDEX TERM--UNCONTROLLED | |
| Uncontrolled term | Space in literature |
| 942 ## - ADDED ENTRY ELEMENTS (KOHA) | |
| Koha item type | Book |
| Withdrawn status | Lost status | Damaged status | Not for loan | Home library | Current library | Shelving location | Date acquired | Source of acquisition | Total Checkouts | Full call number | Barcode | Date last seen | Price effective from | Koha item type |
|---|---|---|---|---|---|---|---|---|---|---|---|---|---|---|
| LRC, IIT Indore | LRC, IIT Indore | 2nd Floor - General Stack | 29/06/2026 | Gratis Book Price: USD 27.25 | 809.9332 SID | G2542 | 29/06/2026 | 29/06/2026 | Book |
